| 000 | 01759cam a22002174a 4500 | ||
|---|---|---|---|
| 005 | 20250605164018.0 | ||
| 008 | 250528s ||||||||||||||||||||||||d | ||
| 035 | _a16244 | ||
| 020 | _a70127506 | ||
| 040 |
_aGR-AtMCL _bgre _dGR-AtMCL _eAACR2 |
||
| 245 | 1 | _aHandbook of Reliability Engineering and Management / Second Edition | |
| 250 | _a2nd | ||
| 260 |
_bMcgraw Hill, _c1996 |
||
| 520 | _aThis edition offers you unsurpassed coverage of all aspects of reliability engineering and management, including reliability issues in electronic components and systems, software, and mechanical devices. Preface, Introduction and Definitions and Relationships, The Role of Management in Reliability, Managing Reliability as a Process, Economics of Reliability, Design of Reliability, Failure Mode and Effects Analysis (FMEA) and Fault-Tree Analysis (FTA) (Success-Tree Analysis - STA), Reliability Specifications and Goal Setting, Concurrent Engineering, Human-Centered Design, Reliability Information Collection and Analysis, Designing Experiments to Measure and Improve Reliability, Accelerated Testing, Failure Analysis System - Root Cause and Corrective Action, Physics of Failure, Maintainability and Reliability, Component Reliability, Thermal Management and Reliability of Electronics, Mechanical Stress and Analysis, Mechanical Reliability, Design for Mechanical Reliability, System Reliability, Software Reliability and the Development Process, Supplier Reliability and Quality Assurance, Techniques of Estimating Reliability at Design Stage, Life Distributions and Concepts, Index. | ||
| 700 | 1 |
_aCoombs Clyde F _92325 |
|
| 700 | 1 |
_aIreson W. Grant _92326 |
|
| 700 | 1 |
_aMoss Richard Y _92327 |
|
| 942 | _cBK | ||
| 999 |
_c1764 _d1764 |
||